Problemáticas de erosión hídrica asociada a la red hidrográfica en la cuenca alta del arroyo Pantanoso, partido de Coronel Suárez

Detalles Bibliográficos
Otros Autores: Gentili, Jorge Osvaldo (Disertante), Campo, Alicia María (Orientador), Gil, Verónica (Orientador)
Formato: Tesis eBook
Lenguaje:Espa�ol
Publicado: Bahía Blanca, 2007.
Materias:
Acceso en línea:Repositorio Institucional Digital de la Universidad Nacional del Sur (RID-UNS)
Etiquetas: Agregar Etiqueta
Sin Etiquetas, Sea el primero en etiquetar este registro!

MARC

LEADER 00000ntm a22000004a 4500
001 AR-BbUGT58432
003 AR-BbUGT
005 20250715105249.0
007 cr nn a|a|a|a|
008 250714s2007 ag aobd om 001 0 spa d
040 |a AR-BbUGT  |c AR-BbUGT  |e aacr2 
041 1 |a spa  |b spa 
082 0 4 |a 551.352  |2 21 
100 1 |a Gentili, Jorge Osvaldo.  |4 dis  |9 795 
245 1 0 |a Problemáticas de erosión hídrica asociada a la red hidrográfica en la cuenca alta del arroyo Pantanoso, partido de Coronel Suárez  |h [Recurso electrónico] /  |c tesista: Jorge Osvaldo Gentili ; directora: Alicia María Campo ; co-directora: Verónica Gil. 
260 |a Bahía Blanca,  |c 2007. 
300 |a 1 recurso en línea (51 p.) :   |b fot., map., gráf. 
500 |a Descripción basada en el recurso electrónico; título tomado del PDF, (visto el 14 de julio de 2025).  
500 |a "Tesis de Licenciatura en Geografía" (Port.) 
502 |g Tesis  |b Licenciatura  |c Universidad Nacional del Sur, Departamento de Geografía y Turismo.  |d 2007  |o 7250 
506 0 |a Acceso abierto. 
520 3 |a El área bajo estudio presenta un riesgo de erosión hídrica de ligero a moderado. En ella se verifica la coexistencia de una topografía accidentada, con desarrollo de pendientes pronunciadas y los procesos hidro-climáticos asociados, junto a una actividad humana representada fundamentalmente por las prácticas agrícolo-ganaderas, que definen a ésta como susceptible de ser afectada por procesos de erosión hídrica. El área de estudio se localiza en una región húmeda. Esta situación favorece la existencia de vegetación que actúa como protección del suelo ante los procesos de erosión por salpicadura. Sin embargo, la existencia de un exceso hídrico supone la posibilidad de un incremento en la erosión del suelo por escorrentía superficial. 
538 |a Modo de acceso: Internet.  
540 |a Reconocimiento-NoComercial-SinObraDerivada 4.0 (CC BY-NC-ND 4.0)  |u http://creativecommons.org/licenses/by-nc-nd/4.0/ 
650 7 |a Erosión  |2 unescot 
650 7 |a Hidrología  |2 unescot 
650 7 |a Cuenca fluvial  |2 unescot 
650 7 |a Lluvia  |2 unescot 
651 4 |a Coronel Suárez (Argentina : Partido)  |9 322 
653 5 |a Arroyo Pantanoso [Buenos Aires (Provincia)] 
653 0 |a Erosión hídrica 
700 1 |a Campo, Alicia María.  |4 ths  |9 796 
700 1 |a Gil, Verónica.  |4 ths  |9 797 
710 2 |a Universidad Nacional del Sur.  |b Departamento de Geografía y Turismo  |4 dgg  |9 48 
856 4 |u https://repositoriodigital.uns.edu.ar/handle/123456789/7250  |y Repositorio Institucional Digital de la Universidad Nacional del Sur (RID-UNS)  |3 Texto completo  |7 0  |2 http 
942 |c BK  |2 ddc  |e 21  |h 551.352  |i G338  |6 551_352000000000000_G338 
999 |c 16212  |d 16212